000 00422nam a22001697a 4500
005 20180607115205.0
008 160526b xxu||||| |||| 00| 0 eng d
020 _a81-219-0569-9
041 _aeng
082 _b5260
_a657
100 _aGrewal, T.S. & Gupta S.C.
_91172
245 _aIntroduction to Accountancy
260 _aNew Delhi
_bAcademic Faundation
300 _a797
650 _aManagement
_9241
942 _cBK
999 _c1842
_d1841